Conduct of War. (Record no. 551611)
[ view plain ]
| 000 -LEADER | |
|---|---|
| fixed length control field | 00355nam a22001337a 4500 |
| 082 ## - DEWEY DECIMAL CLASSIFICATION NUMBER | |
| Classification number | 355.02 |
| Author Mark | FUL |
| -- | L-40, P-67 |
| 100 ## - MAIN ENTRY--PERSONAL NAME | |
| Personal name | Fuller, J.F.C |
| 9 (RLIN) | 37121 |
| 245 ## - TITLE STATEMENT | |
| Title | Conduct of War. |
| 260 ## - PUBLICATION, DISTRIBUTION, ETC. | |
| Place of publication, distribution, etc. | Pakistan |
| Name of publisher, distributor, etc. | Sohail Publisher Lahore |
| 300 ## - PHYSICAL DESCRIPTION | |
| Extent | 473 p. : |
| Other physical details | ill . : |
| Dimensions | 10 Cm |
| 526 ## - STUDY PROGRAM INFORMATION NOTE | |
| Program name | 0 |
| Interest level | 0 |
| Reading level | 0 |
| Title point value | 355_020000000000000_FUL |
| 650 ## - SUBJECT ADDED ENTRY--TOPICAL TERM | |
| Topical term or geographic name entry element | MCE |
| 9 (RLIN) | 379 |
| 942 ## - ADDED ENTRY ELEMENTS (KOHA) | |
| Source of classification or shelving scheme | |
| Koha item type | Book |
| Withdrawn status | Lost status | Source of classification or shelving scheme | Damaged status | Not for loan | Permanent Location | Current Location | Date acquired | Total Checkouts | Full call number | Barcode | Date last seen | Date last checked out | Price effective from | Koha item type |
|---|---|---|---|---|---|---|---|---|---|---|---|---|---|---|
| Military College of Engineering (MCE) | Military College of Engineering (MCE) | 12/18/2014 | 1 | 355.02 FUL | MCE-35186 | 04/13/2017 | 03/08/2017 | 12/18/2014 | Book |
